000 00410nam a2200157Ia 4500
008 230312s9999||||xx |||||||||||||| ||und||
020 _a0-07-115206-7
082 _a658
_bBAR
100 _aBartol Kathryn M
245 0 _aManagement
260 _bMcGraw HILL
_aBoston
_c1998
300 _a777
546 _aEng.
650 _aManagement
_vthe challenge of management,pioneering ideas in management
942 _cBK
999 _c1081
_d1081